00305nam a2200109Ia 4500008004100000082001500041100002100056245004900077260003800126300000800164650002300172191201s2018 xx 000 0 und d a610.28 USP aUSMAN, Md.Rageeb 0aPractical Book of Pharmaceutical Engineering bNirali PraksahanaNew Delhic2018 a124 aPharmaceutics - 23